Obras en verso y prosa de Juan Gualberto González. (Record no. 154535)

MARC details
000 -LEADER
campo de control de longitud fija 01062nam a22002415i 4500
001 - NÚMERO DE CONTROL
campo de control 154535
003 - IDENTIFICADOR DE NÚMERO DE CONTROL
campo de control ES-MaACL
005 - FECHA Y HORA DE LA ÚLTIMA TRANSACCIÓN
campo de control 20251009063056.0
008 - DATOS DE LONGITUD FIJA--INFORMACIÓN GENERAL
campo de control de longitud fija 951121s1844 sp |||| | spa d
040 ## - FUENTE DE CATALOGACIÓN
Centro catalogador/agencia de origen EUS
Lengua de catalogación spa
Centro/agencia transcriptor EUS
100 1# - ENTRADA PRINCIPAL--NOMBRE DE PERSONA
Nombre de persona González, Juan Gualberto,
Fechas asociadas al nombre 1777-1859
9 (RLIN) 127464
245 10 - MENCIÓN DEL TÍTULO
Título Obras en verso y prosa de Juan Gualberto González.
260 ## - PUBLICACIÓN, DISTRIBUCIÓN, ETC.
Lugar de publicación, distribución, etc. Madrid :
Nombre del editor, distribuidor, etc. [s.n.],
Fecha de publicación, distribución, etc. 1844 (
Fabricante Imprenta de Alegría y Charlain)
300 ## - DESCRIPCIÓN FÍSICA
Extensión 3 v.(XI, 204 ; XXV, 218 ; IV, 227 p.) ;
Dimensiones 22 cm.
505 8# - NOTA DE CONTENIDO CON FORMATO
Nota de contenido con formato Contiene: t. I. Traducción de la Epístola de Horacio a los Pisones y de las Eglogas de Virgilio -- t. II. Traducción de las Eglogas de Nemesiano y de Calpurnio y algunas traducciones y composiciones sueltas -- t. III. Varias materias sobre versificación latina y castellana y sobre sinónimos y gramática
510 4# - NOTA DE CITAS O REFERENCIAS BIBLIOGRÁFICAS
Nombre de la fuente Palau,
Localización dentro de la fuente 104862
597 ## - NOTA DE DESCRIPCIÓN FÍSICA
NOTA DE DESCRIPCIÓN FÍSICA Antep.
650 #4 - PUNTO DE ACCESO ADICIONAL DE MATERIA--TÉRMINO DE MATERIA
Término de materia o nombre geográfico como elemento de entrada Poesías latinas.
9 (RLIN) 154284
650 14 - PUNTO DE ACCESO ADICIONAL DE MATERIA--TÉRMINO DE MATERIA
Término de materia o nombre geográfico como elemento de entrada Versificación.
9 (RLIN) 136980
852 ## - LOCALIZACIÓN
Ubicación ES-MaACL
Número de control de estantería G-12785-87
Nota libre -- Rúst.
Holdings
Estatus retirado Estado de pérdida Estado de daño No para préstamo Colección Biblioteca de origen Biblioteca actual Ubicación en estantería Fecha de adquisición Total de préstamos Signatura topográfica completa Código de barras Visto por última vez Precio de reemplazo Tipo de ítem Koha
        Libros del s. XIX Biblioteca del Ateneo de Madrid Biblioteca del Ateneo de Madrid Sala Pecera Planta 3 17/01/2008   G-12785-87 1161617 23/02/2023 23/02/2023 Libro impreso antiguo